Blahoslavená Bohorodička Panna Mária v tajomstve Krista a cirkvi

Podrobná bibliografia
Hlavný autor: Dráb, Pavol, 1945- (Autor)
Médium: Program E-kniha
Jazyk:slovenčina
Fyzický popis:1 elektronický optický disk (CD-ROM) 12 cm
Vydavateľské údaje: Ružomberok Verbum 2015
ISBN:9788056103166
Vydanie:1. vyd.
Predmet:

MARC

LEADER 00000cam a2200000 a 4500
001 vtls011508358
003 SK-MaSNL
005 20260302084459.0
007 co bg auuua
008 240318s2015 xo fs 000 0dslo
015 |a SNBS2017 
020 |a 9788056103166  |q (elektronická kniha) 
040 |a SNK  |b slo  |c SNK  |e AACR2 
041 0 |a slo 
044 |a xo  |c SK 
072 7 |a 27-1/-2  |x Kresťanská teológia. Dogmatická teológia  |2 konspekt 
080 |a 27-284  |2 2011 
080 |a 177.7  |2 2011 
080 |a 27-36  |2 2011 
080 |a 27-526.7  |2 2011 
080 |a (048.8)  |2 2011 
080 |a (0.034.44)  |2 2011 
100 1 |a Dráb, Pavol,  |d 1945-  |4 aut  |9 102684 
245 1 0 |a Blahoslavená Bohorodička Panna Mária v tajomstve Krista a cirkvi  |h elektronický zdroj  |c Pavol Dráb 
250 |a 1. vyd. 
260 |a Ružomberok  |b Verbum  |c 2015 
300 |a 1 elektronický optický disk (CD-ROM)  |c 12 cm 
500 |a Názov z titulnej obrazovky 
500 |a Biogr. údaje 
504 |a Bibliogr. odkazy 
516 |a Textový dokument (monografia), súbor vo formáte pdf 
538 |a Technické požiadavky: PDF prehliadač 
600 0 7 |a Mária,  |c matka Ježišova, svätá  |2 SNKMA  |9 157751 
650 0 7 |a kresťanská dogmatika  |2 SNKPH  |9 1988 
650 0 7 |a úcta  |2 SNKPH  |9 104072 
650 0 7 |a svätci  |2 SNKPH  |9 1606 
650 0 7 |a náboženské relikvie  |2 SNKPH  |9 79828 
650 0 7 |a Christian dogmatics  |2 SNKPHeng  |9 568191 
650 0 7 |a Respect  |2 SNKPHeng  |9 312995 
650 0 7 |a Saints  |2 SNKPHeng  |9 265086 
650 0 7 |a Religious relics  |2 SNKPHeng  |9 50558 
655 7 |a monografie  |2 SNKPH  |9 70139 
655 7 |a CD-ROM  |2 SNKPH  |9 70236 
655 7 |a elektronické zdroje  |2 SNKPH  |9 90954 
655 7 |a Electronic resources  |2 SNKPHeng  |9 175546 
655 7 |a Monographs  |2 SNKPHeng  |9 120675 
919 |a 978-80-561-0316-6 
958 |a NT 
958 |a NB 
999 |c 1188045  |d 1189975 
952 |a SNK  |b SNK  |y PREZ  |7 0  |p 17A1181629  |o snkSCDM 8161  |i snk2016/6148  |8 0  |0 0  |1 0  |4 0  |d 2016-03-02  |l 0  |r 2026-02-24 22:01:45  |w 2026-02-24